Spadkowicze oraz Benianminkowie Ekstraklasy od sezonu 21/22 - Statystyki

Ogólne statystyki
  • Ten quiz został rozwiązany 26 razy
  • Średni wynik to 16 z 18
Statystyki odpowiedzi
Hint Odpowiedź % Poprawnych
23/24 Benian. ŁKS Łódź
100%
23/24 Spad. ŁKS Łódź
100%
23/24 Benian. Ruch Chorzów
96%
23/24 Spad. Ruch Chorzów
96%
23/24 Spad. Warta Poznań
96%
22/23 Spad. Lechia Gdańsk
92%
22/23 Benian. Miedź Legnica
92%
22/23 Spad. Miedź Legnica
92%
21/22 Spad. Wisła Kraków
92%
22/23 Benian. Korona Kielce
88%
23/24 Benian. Puszcza Niepołomice
88%
22/23 Benian. Widzew Łódź
88%
22/23 Spad. Wisła Płock
83%
21/22 Benian. Bruk-Bet Termalica Nieciecza
71%
21/22 Spad. Bruk-Bet Termalica Nieciecza
71%
21/22 Benian. Górnik Łęczna
71%
21/22 Spad. Górnik Łęczna
71%
21/22 Benian. Radomiak Radom
67%
Nie znaleziono quizów pasujących do podanych kryteriów
Rozkład punktacji
Procent ludzi z każdym wynikiem
Percentyl według liczby udzielonych odpowiedzi
Twoja historia wyników
Nie rozwiązałeś tego quizu